| 000 | 007050000a22002050004500 | ||
|---|---|---|---|
| 020 | _a1-58802-245-5 | ||
| 041 | 0 | _aSPA | |
| 082 | 0 | 4 | _aG 297 S7712o |
| 100 | 1 | _aSproul, R. C. (Robert Charles) (1939-) | |
| 245 | 1 | 0 | _aEl lado oscuro del Islam / R.C. Sproul, Abdul Saleeb; Paul S. Stevenson, Traductor |
| 260 | _aWheaton, IL. : Patmos | ||
| 300 | _a91 Pag | ||
| 505 | 0 | 0 | _a- El Islam y el Cristianismo sobre: la Escritura, la paternidad de Dios, la Trinidad, el pecado, la salvación, la muerte de Cristo, la deidad de Cristo |
| 650 | 1 | 4 | _aISLAMISMO |
| 001 | 13628 | ||
| 942 | _cBK | ||
| 999 |
_c42585 _d42585 |
||
| 336 |
_atexto _btxt _2rdacontent |
||
| 337 |
_2rdamedia _asin mediación _bn |
||
| 338 |
_2rdacarrier _avolumen _bnc |
||